00397nam a2200121Ia 4500001000400000008004100004082002500045100007300070245007300143260001500216901002900231999001500260453241024s9999 xx 000 0 und d aRD/372.97293/R426l/8 aRepública Dominicana.Secretaria de Estado de Educación y Cultura 0aLineamientos organizativos y políticos del nivel inicial 1996-2000 bSEECc2000 a10/11/2010 11:46:54 a.m. c8617d8617